<?xml version="1.0" encoding="UTF-8"?><?xml-stylesheet type="text/xsl" href="static/style.xsl"?><OAI-PMH xmlns="http://www.openarchives.org/OAI/2.0/" xmlns:xsi="http://www.w3.org/2001/XMLSchema-instance" xsi:schemaLocation="http://www.openarchives.org/OAI/2.0/ http://www.openarchives.org/OAI/2.0/OAI-PMH.xsd"><responseDate>2026-04-17T02:00:32Z</responseDate><request verb="GetRecord" identifier="oai:www.recercat.cat:2445/114570" metadataPrefix="marc">https://recercat.cat/oai/request</request><GetRecord><record><header><identifier>oai:recercat.cat:2445/114570</identifier><datestamp>2025-12-05T10:15:14Z</datestamp><setSpec>com_2072_1057</setSpec><setSpec>col_2072_478856</setSpec><setSpec>col_2072_478917</setSpec></header><metadata><record xmlns="http://www.loc.gov/MARC21/slim" xmlns:dcterms="http://purl.org/dc/terms/" xmlns:xsi="http://www.w3.org/2001/XMLSchema-instance" xmlns:doc="http://www.lyncode.com/xoai" xsi:schemaLocation="http://www.loc.gov/MARC21/slim http://www.loc.gov/standards/marcxml/schema/MARC21slim.xsd">
   <leader>00925njm 22002777a 4500</leader>
   <datafield ind2=" " ind1=" " tag="042">
      <subfield code="a">dc</subfield>
   </datafield>
   <datafield ind2=" " ind1=" " tag="720">
      <subfield code="a">Álvaro Moya, Adoración</subfield>
      <subfield code="e">author</subfield>
   </datafield>
   <datafield ind2=" " ind1=" " tag="260">
      <subfield code="c">2017-08-22T10:08:15Z</subfield>
   </datafield>
   <datafield ind2=" " ind1=" " tag="260">
      <subfield code="c">2017-08-22T10:08:15Z</subfield>
   </datafield>
   <datafield ind2=" " ind1=" " tag="260">
      <subfield code="c">2007</subfield>
   </datafield>
   <datafield ind2=" " ind1=" " tag="260">
      <subfield code="c">2017-08-22T10:08:15Z</subfield>
   </datafield>
   <datafield ind2=" " ind1=" " tag="520">
      <subfield code="a">Este trabajo analiza el papel de las redes empresariales en la evolución de la inversión directa extranjera en España. Para ello se estudia en profundidad el caso de una de las inversiones estadounidenses más relevantes en las primeras décadas del siglo XX, Telefónica, empresa cuya creación fue fruto de la acción conjunta de la multinacional International Telephone and Telegraph (ITT) y de algunos grupos financieros españoles, especialmente los bancos Urquijo e Hispano Americano. La investigación muestra cómo la red tejida por la empresa americana y sus socios, cuyos tentáculos llegaron hasta las administraciones de ambos países, facilitó su entrada y devenir en España, así como la continuidad de su gestión en la empresa telefónica hasta fechas posteriores a la nacionalización.</subfield>
   </datafield>
   <datafield tag="653" ind2=" " ind1=" ">
      <subfield code="a">Empreses</subfield>
   </datafield>
   <datafield tag="653" ind2=" " ind1=" ">
      <subfield code="a">Inversions estrangeres</subfield>
   </datafield>
   <datafield tag="653" ind2=" " ind1=" ">
      <subfield code="a">Espanya</subfield>
   </datafield>
   <datafield tag="653" ind2=" " ind1=" ">
      <subfield code="a">Business enterprises</subfield>
   </datafield>
   <datafield tag="653" ind2=" " ind1=" ">
      <subfield code="a">Foreign investments</subfield>
   </datafield>
   <datafield tag="653" ind2=" " ind1=" ">
      <subfield code="a">Spain</subfield>
   </datafield>
   <datafield tag="653" ind2=" " ind1=" ">
      <subfield code="a">Telefónica de España</subfield>
   </datafield>
   <datafield ind2="0" ind1="0" tag="245">
      <subfield code="a">Redes empresariales, inversión directa extranjera y monopolio: el caso de Telefónica, 1924-1965</subfield>
   </datafield>
</record></metadata></record></GetRecord></OAI-PMH>